000
00291nam a22001337a 4500
008
171005b xxu||||| |||| 00| 0 eng d
020
_a
9780415090971
041
_a
eng
080
_a
159.9
100
_a
49
101
_a
PSI
245
_a
THE ANALYSIS OF MIND
_c
RUSSELL,B
942
_2
udc
_c
BK
999
_c
32096
_d
32096